|
|
|
|
| LEADER |
00000nam0a2200000 4500 |
| 001 |
309767 |
| 005 |
20240930113546.0 |
| 035 |
|
|
|a (RuTPU)RU\TPU\book\335106
|
| 090 |
|
|
|a 309767
|
| 100 |
|
|
|a 20151117d1981 km y0rusy50 ca
|
| 101 |
0 |
|
|a rus
|
| 102 |
|
|
|a RU
|
| 105 |
|
|
|a a z 000zy
|
| 200 |
1 |
|
|a Пассажирский самолет Ил-62
|h Ч. 1 : Характеристики самолета, конструкция планера, системы самолета
|f Г. В. Новожилов [и др.]
|
| 210 |
|
|
|a Москва
|c Машиностроение
|d 1981
|
| 215 |
|
|
|a 359 с.
|c ил.
|
| 606 |
|
|
|a Самолеты пассажирские реактивные ТУ-154, ТУ-134, ТУ-134А, ТУ-154А, Ту-154Б, Ил76Т, ТУ-104, Ил-62М, ЯК18, ЯК-40
|x Оборудование
|2 stltpush
|3 (RuTPU)RU\TPU\subj\53713
|9 71880
|
| 610 |
1 |
|
|a конструкции
|
| 610 |
1 |
|
|a безопасность
|
| 610 |
1 |
|
|a проектирование
|
| 610 |
1 |
|
|a аэродинамика
|
| 610 |
1 |
|
|a вес
|
| 610 |
1 |
|
|a загрузка
|
| 610 |
1 |
|
|a центровка
|
| 610 |
1 |
|
|a планер
|
| 610 |
1 |
|
|a фюзеляж
|
| 610 |
1 |
|
|a крыло
|
| 610 |
1 |
|
|a оперение
|
| 610 |
1 |
|
|a силовые установки
|
| 610 |
1 |
|
|a управление
|
| 610 |
1 |
|
|a шасси
|
| 675 |
|
|
|a 629.735
|v 4
|
| 701 |
|
1 |
|a Новожилов
|b Г. В.
|g Генрих Васильевич
|
| 701 |
|
1 |
|a Лещинер
|b Д. В.
|g Дмитрий Владимирович
|
| 701 |
|
1 |
|a Шейнин
|b В. М.
|g Виктор Михайлович
|
| 701 |
|
1 |
|a Муравьев
|b Г. Г.
|g Гелий Георгиевич
|
| 702 |
|
1 |
|a Новожилов
|b Г. В.
|g Генрих Васильевич
|4 340
|
| 801 |
|
1 |
|a RU
|b 63413507
|c 20151117
|
| 801 |
|
2 |
|a RU
|b 63413507
|c 20191113
|g RCR
|
| 942 |
|
|
|c BK
|